[Event "ZI-2016-0-02127"]
[Site "LSS email"]
[Date "2016.02.26"]
[Round "?"]
[White "Tutov, Nikolay"]
[Black "Stefanski, Robert"]
[Result "1-0"]
[WhiteElo "1932"]
[BlackElo "1672"]
[PlyCount "33"]
[EventDate "2016.02.21"]
[EventType "match (corr)"]
[EventRounds "2"]
[EventCountry "GER"]
[SourceTitle "Corr 2022"]
[Source "ChessBase"]
[SourceDate "2021.10.24"]
[SourceVersion "1"]
[SourceVersionDate "2021.10.24"]
[SourceQuality "1"]

1. d4 d5 2. Bf4 c6 3. e3 Nf6 4. Bd3 e6 5. Nf3 Bd6 6. 0-0 0-0 7. Nbd2 Bxf4 8. exf4 Nbd7 9. c3 c5 10. Qe2 b6 11. Ne5 Bb7 12. Rad1 cxd4 13. cxd4 Rc8 14. Rfe1 Qe7 15. f5 Rfe8 16. Bb5 exf5 17. Nxd7 1-0

[Event "SB-2015-0-00412"]
[Site "LSS email"]
[Date "2015.06.03"]
[Round "?"]
[White "Tutov, Nikolay"]
[Black "Knoeppel, Bjoern"]
[Result "1-0"]
[WhiteElo "1905"]
[BlackElo "1940"]
[PlyCount "153"]
[EventDate "2015.03.30"]
[EventType "tourn (corr)"]
[EventRounds "6"]
[EventCountry "GER"]
[SourceTitle "Corr 2022"]
[Source "ChessBase"]
[SourceDate "2021.10.24"]
[SourceVersion "1"]
[SourceVersionDate "2021.10.24"]
[SourceQuality "1"]

1. e4 d6 2. d4 Nf6 3. Nc3 c6 4. Nf3 Bg4 5. h3 Bh5 6. Qe2 e6 7. g4 Bg6 8. h4 h6 9. h5 Bh7 10. g5 hxg5 11. Nxg5 Qb6 12. d5 Bg8 13. Bd2 Nbd7 14. 0-0-0 0-0-0 15. dxc6 Qxc6 16. f4 Kb8 17. Be3 Rc8 18. Kb1 Nb6 19. Rh3 a6 20. Bxb6 Qxb6 21. e5 Ne8 22. Bg2 Qc7 23. exd6 Nxd6 24. Nce4 Nc4 25. Rb3 Na5 26. Rc3 Qb6 27. Rxc8+ Kxc8 28. Nc3 Bd6 29. Qd3 Bc7 30. Qd7+ Kb8 31. Bf1 Qf2 32. h6 Rxh6 33. Qe8+ Ka7 34. Qxg8 Rh1 35. Qxf7 Bxf4 36. Nxe6 Rxf1 37. Nxf4 Nc6 38. Qc4 Rxd1+ 39. Nxd1 Qd2 40. Qf1 Nd4 41. Nc3 Qxc2+ 42. Ka1 g5 43. Qg1 Kb8 44. Nfd5 Qd2 45. Qg3+ Ka7 46. Qe3 Qxe3 47. Nxe3 Kb6 48. Kb1 Kc6 49. Ne4 Nf3 50. Kc2 a5 51. Kd3 b5 52. Ng4 a4 53. Ke3 Ne1 54. Nxg5 a3 55. b3 Nc2+ 56. Kd2 Nb4 57. Ne5+ Kd5 58. Nd3 Nxa2 59. Nh3 b4 60. Nhf4+ Kd6 61. Ne2 Kd5 62. Ndc1 Nxc1 63. Nxc1 Kc5 64. Na2 Kb5 65. Kd3 Kc5 66. Ke4 Kb5 67. Kd5 Kb6 68. Kc4 Ka5 69. Kc5 Ka6 70. Kxb4 Kb6 71. Kc4 Kc6 72. b4 Kc7 73. Kc5 Kb7 74. Kb5 Kc7 75. Ka6 Kc6 76. b5+ Kc7 77. Ka7 1-0

[Event "SC-2015-0-00251"]
[Site "LSS email"]
[Date "2015.01.09"]
[Round "?"]
[White "Bujdak, Pavel"]
[Black "Tutov, Nikolay"]
[Result "1/2-1/2"]
[WhiteElo "1741"]
[BlackElo "1910"]
[PlyCount "145"]
[EventDate "2014.12.01"]
[EventType "tourn (corr)"]
[EventRounds "6"]
[EventCountry "GER"]
[SourceTitle "Corr 2022"]
[Source "ChessBase"]
[SourceDate "2021.10.24"]
[SourceVersion "1"]
[SourceVersionDate "2021.10.24"]
[SourceQuality "1"]

1. e4 e5 2. Nf3 Nc6 3. Bb5 Nf6 4. d3 d6 5. c3 Be7 6. 0-0 0-0 7. Re1 a6 8. Ba4 b5 9. Bc2 d5 10. Nbd2 Bg4 11. h3 Bh5 12. Qe2 Rb8 13. Nf1 d4 14. Ng3 Bg6 15. Bb3 Re8 16. a4 Na5 17. Ba2 Nc6 18. axb5 axb5 19. Bg5 h6 20. Bd2 Qd7 21. Nh4 Bh7 22. Nhf5 Bg6 23. Bb3 Red8 24. Ra6 Rb6 25. Rea1 dxc3 26. bxc3 Bc5 27. Ra8 Kh7 28. Rxd8 Qxd8 29. Rb1 Rb8 30. Nh4 b4 31. cxb4 Bxb4 32. Nxg6 fxg6 33. Be3 Ba5 34. Ba2 Bb6 35. Bd2 Qd6 36. Bc3 Qa3 37. Qc2 Bxf2+ 38. Kxf2 Qc5+ 39. Ke1 Qg1+ 40. Kd2 Qxg2+ 41. Ne2 Rd8 42. Kc1 Qxh3 43. Bc4 Ng4 44. Be6 Rd6 45. Bxg4 Qxg4 46. Kb2 Qf3 47. Rd1 Rd8 48. d4 Rb8+ 49. Kc1 exd4 50. Nxd4 Qe3+ 51. Rd2 Nb4 52. Bxb4 Rxb4 53. Qd3 Qg1+ 54. Rd1 Qg4 55. Qc3 Ra4 56. Nc2 Rxe4 57. Qxc7 Qg5+ 58. Kb2 h5 59. Rd7 Qf6+ 60. Qc3 Re5 61. Kc1 h4 62. Rf7 Qg5+ 63. Kd1 Qh5+ 64. Qf3 Kh6 65. Kd2 Qxf3 66. Rxf3 g5 67. Re3 Rxe3 68. Nxe3 Kh5 69. Ke2 g4 70. Nf5 g6 71. Ne3 Kg5 72. Kf2 Kf4 73. Ng2+ 1/2-1/2

[Event "SC-2015-0-00251"]
[Site "LSS email"]
[Date "2015.01.09"]
[Round "?"]
[White "Habes, Jiri"]
[Black "Tutov, Nikolay"]
[Result "1/2-1/2"]
[WhiteElo "1791"]
[BlackElo "1910"]
[PlyCount "44"]
[EventDate "2014.12.01"]
[EventType "tourn (corr)"]
[EventRounds "6"]
[EventCountry "GER"]
[SourceTitle "Corr 2022"]
[Source "ChessBase"]
[SourceDate "2021.10.24"]
[SourceVersion "1"]
[SourceVersionDate "2021.10.24"]
[SourceQuality "1"]

1. d4 d5 2. c4 e6 3. Nc3 Nf6 4. Nf3 Be7 5. cxd5 exd5 6. g3 0-0 7. Bg2 c6 8. 0-0 Bf5 9. Nh4 Be6 10. Qc2 Re8 11. Nf5 Bf8 12. Bf4 Nh5 13. Be3 Nd7 14. Nh4 Ndf6 15. Nf3 Bd6 16. Rac1 Qc8 17. Qb3 h6 18. Nb5 Bb8 19. Nc3 Bc7 20. Rfe1 Bh3 21. Bxh3 Qxh3 22. Qxb7 Rec8 1/2-1/2

[Event "SC-2013-0-00207"]
[Site "LSS email"]
[Date "2013.12.25"]
[Round "?"]
[White "Gajic, Sladjan"]
[Black "Tutov, Nikolay"]
[Result "1/2-1/2"]
[WhiteElo "1305"]
[BlackElo "1751"]
[PlyCount "35"]
[EventDate "2013.11.20"]
[EventType "tourn (corr)"]
[EventRounds "6"]
[EventCountry "GER"]
[SourceTitle "Corr 2015"]
[Source "ChessBase"]
[SourceDate "2015.07.17"]
[SourceVersion "1"]
[SourceVersionDate "2015.07.17"]
[SourceQuality "1"]

1. c4 e5 2. Nc3 Nf6 3. Nf3 Nc6 4. g3 d5 5. cxd5 Nxd5 6. Bg2 Nf6 7. 0-0 Be7 8. d3 0-0 9. a3 Bg4 10. b4 a6 11. Be3 Qd7 12. Bg5 Rad8 13. Nd2 Nd5 14. Bxd5 Bxg5 15. Nf3 Bf6 16. Rb1 Rfe8 17. Rc1 Nd4 18. Bxb7 1/2-1/2

[Event "SC-2013-0-00206"]
[Site "LSS email"]
[Date "2013.12.15"]
[Round "?"]
[White "Krabbenbos, Jan"]
[Black "Tutov, Nikolay"]
[Result "1/2-1/2"]
[WhiteElo "1828"]
[BlackElo "1845"]
[PlyCount "34"]
[EventDate "2013.11.17"]
[EventType "tourn (corr)"]
[EventRounds "6"]
[EventCountry "GER"]
[SourceTitle "Corr 2022"]
[Source "ChessBase"]
[SourceDate "2021.10.24"]
[SourceVersion "1"]
[SourceVersionDate "2021.10.24"]
[SourceQuality "1"]

1. e4 e5 2. Nf3 Nc6 3. Bb5 Nf6 4. 0-0 Be7 5. Re1 d6 6. d4 exd4 7. Nxd4 Bd7 8. Nxc6 Bxc6 9. Qe2 0-0 10. Nc3 Nd7 11. Bxc6 bxc6 12. b3 Bf6 13. Bb2 Be5 14. Na4 Qf6 15. Bxe5 Nxe5 16. Rad1 Rfe8 17. f3 Re6 1/2-1/2

[Event "OP-2013-0-03133"]
[Site "LSS email"]
[Date "2013.11.23"]
[Round "?"]
[White "Tutov, Nikolay"]
[Black "Lenz, Juergen"]
[Result "1-0"]
[WhiteElo "1852"]
[BlackElo "1111"]
[PlyCount "41"]
[EventDate "2013.11.20"]
[EventType "tourn (corr)"]
[EventRounds "4"]
[EventCountry "GER"]
[SourceTitle "Corr 2022"]
[Source "ChessBase"]
[SourceDate "2021.10.24"]
[SourceVersion "1"]
[SourceVersionDate "2021.10.24"]
[SourceQuality "1"]

1. d4 c5 2. d5 Nf6 3. Nc3 Qa5 4. Bd2 b5 5. e4 b4 6. e5 bxc3 7. Bxc3 Qb6 8. exf6 gxf6 9. Nf3 d6 10. Be2 Bg7 11. Bd3 0-0 12. Nh4 e6 13. Qh5 f5 14. Bxg7 Kxg7 15. 0-0-0 Qd8 16. dxe6 fxe6 17. g4 Qf6 18. g5 Qf7 19. g6 hxg6 20. Rhg1 Kf6 21. Nxg6 1-0

[Event "RC-2013-0-00132"]
[Site "LSS email"]
[Date "2013.11.14"]
[Round "?"]
[White "Habes, Jiri"]
[Black "Tutov, Nikolay"]
[Result "1/2-1/2"]
[WhiteElo "1681"]
[BlackElo "1735"]
[PlyCount "58"]
[EventDate "2013.10.16"]
[EventType "tourn (corr)"]
[EventRounds "6"]
[EventCountry "GER"]
[SourceTitle "Telechess CBM 167"]
[Source "ChessBase"]
[SourceDate "2015.07.13"]
[SourceVersion "1"]
[SourceVersionDate "2015.07.13"]
[SourceQuality "1"]

1. d4 Nf6 2. c4 e6 3. Nc3 d5 4. Bg5 Be7 5. e3 h6 6. Bh4 0-0 7. Rc1 b6 8. cxd5 Nxd5 9. Bxe7 Qxe7 10. Nxd5 exd5 11. Bd3 c5 12. Ne2 c4 13. Bb1 Nd7 14. 0-0 Nf6 15. Nc3 Re8 16. Qf3 Bb7 17. h3 Qb4 18. Qe2 Bc6 19. Rfe1 b5 20. Qc2 Qd6 21. Qf5 b4 22. Ne2 a5 23. Qf4 Qxf4 24. Nxf4 Bb5 25. a3 g6 26. axb4 axb4 27. h4 h5 28. f3 Red8 29. Red1 Re8 1/2-1/2

[Event "ZI-2013-0-01724"]
[Site "LSS email"]
[Date "2013.11.14"]
[Round "?"]
[White "Habes, Jiri"]
[Black "Tutov, Nikolay"]
[Result "0-1"]
[WhiteElo "1704"]
[BlackElo "1744"]
[PlyCount "114"]
[EventDate "2013.11.08"]
[EventType "match (corr)"]
[EventRounds "2"]
[EventCountry "GER"]
[SourceTitle "Telechess CBM 167"]
[Source "ChessBase"]
[SourceDate "2015.07.13"]
[SourceVersion "1"]
[SourceVersionDate "2015.07.13"]
[SourceQuality "1"]

1. e4 e5 2. Nf3 Nc6 3. Bb5 Nf6 4. Nc3 Bc5 5. 0-0 0-0 6. Nxe5 Nxe5 7. d4 Bd6 8. f4 Neg4 9. Be2 Bb4 10. e5 d6 11. exf6 Nxf6 12. f5 h6 13. Qd3 Re8 14. Bd2 Bd7 15. Rae1 c5 16. Kh1 cxd4 17. Qxd4 Bc5 18. Qd3 Qb6 19. Bf3 Bc6 20. Bxc6 Qxc6 21. a3 Rac8 22. Rxe8+ Rxe8 23. h3 Bb6 24. Re1 d5 25. Rxe8+ Qxe8 26. Kh2 h5 27. g3 h4 28. gxh4 Qe5+ 29. Kg2 Bc7 30. Bg5 Qh2+ 31. Kf1 Ne4 32. Nxe4 Qh1+ 33. Ke2 dxe4 34. Qb5 Bg3 35. Ke3 Qf3+ 36. Kd4 Bf2+ 37. Ke5 f6+ 38. Kd6 Qg3+ 39. Ke6 Qb8 40. Bf4 Qc8+ 41. Qd7 Qxd7+ 42. Kxd7 e3 43. c4 e2 44. Bd2 g6 45. Ke6 gxf5 46. Kxf5 Bxh4 47. Kg6 Kf8 48. Bb4+ Ke8 49. b3 a6 50. Bc3 Ke7 51. Kf5 e1Q 52. Bxe1 Bxe1 53. b4 b6 54. Ke4 Ke6 55. c5 b5 56. Ke3 f5 57. Ke2 Bc3 0-1

[Event "RC-2013-0-00132"]
[Site "LSS email"]
[Date "2013.11.14"]
[Round "?"]
[White "Hlavacek, Ladislav"]
[Black "Tutov, Nikolay"]
[Result "1/2-1/2"]
[WhiteElo "1751"]
[BlackElo "1735"]
[PlyCount "91"]
[EventDate "2013.10.16"]
[EventType "tourn (corr)"]
[EventRounds "6"]
[EventCountry "GER"]
[SourceTitle "Telechess CBM 167"]
[Source "ChessBase"]
[SourceDate "2015.07.13"]
[SourceVersion "1"]
[SourceVersionDate "2015.07.13"]
[SourceQuality "1"]

1. Nf3 d5 2. c4 d4 3. e3 Nc6 4. exd4 Nxd4 5. Nxd4 Qxd4 6. Nc3 e5 7. d3 c6 8. Be3 Qd6 9. Be2 Be7 10. 0-0 Nf6 11. f4 exf4 12. Rxf4 0-0 13. Qe1 Qe6 14. Qf2 Bd6 15. Rh4 Qf5 16. Bf4 Be7 17. Rh3 Rd8 18. Rf3 Ng4 19. Qg3 Qg6 20. Raf1 Nh6 21. Qxg6 hxg6 22. Bxh6 gxh6 23. Rxf7 Bc5+ 24. Kh1 Rb8 25. Ne4 Bd4 26. Re7 Bf5 27. b4 Re8 28. Rxe8+ Rxe8 29. Bf3 h5 30. g3 Re5 31. Kg2 a5 32. a3 b6 33. h3 Kg7 34. Rd1 a4 35. Rd2 Re7 36. Re2 Kh6 37. g4 hxg4 38. hxg4 Bxe4 39. Rxe4 Rxe4 40. Bxe4 c5 41. bxc5 bxc5 42. Kf3 Bb2 43. Bc6 Bxa3 44. Bxa4 Bb2 45. Kf4 Bc1+ 46. Ke4 1/2-1/2

[Event "RC-2013-0-00132"]
[Site "LSS email"]
[Date "2013.11.14"]
[Round "?"]
[White "Tutov, Nikolay"]
[Black "Korinek, Jaroslav"]
[Result "1-0"]
[WhiteElo "1735"]
[BlackElo "1599"]
[PlyCount "79"]
[EventDate "2013.10.16"]
[EventType "tourn (corr)"]
[EventRounds "6"]
[EventCountry "GER"]
[SourceTitle "Telechess CBM 167"]
[Source "ChessBase"]
[SourceDate "2015.07.13"]
[SourceVersion "1"]
[SourceVersionDate "2015.07.13"]
[SourceQuality "1"]

1. d4 Nf6 2. Nf3 c6 3. c4 g6 4. Nc3 d5 5. e3 Bg7 6. Bd3 0-0 7. 0-0 dxc4 8. Bxc4 Nbd7 9. h3 Nb6 10. Bd3 Nbd7 11. e4 e5 12. dxe5 Nh5 13. e6 fxe6 14. Bc4 Ne5 15. Nxe5 Bxe5 16. Bh6 Re8 17. Qxd8 Rxd8 18. Rad1 Rxd1 19. Rxd1 b5 20. Be2 Nf6 21. f4 Bc7 22. Bg5 Kf7 23. Bxf6 Kxf6 24. e5+ Ke7 25. Ne4 c5 26. Nxc5 Bb6 27. b4 a5 28. Rd6 Rb8 29. Kf1 axb4 30. Nd3 Ba5 31. Bf3 Bc7 32. Rc6 Ba5 33. Ke2 Bb7 34. Rc2 Rc8 35. Rc5 Ba6 36. Rxc8 Bxc8 37. Bc6 Bd7 38. Bxd7 Kxd7 39. Nc5+ Ke7 40. Kd3 1-0

[Event "OP-2013-0-03105"]
[Site "LSS email"]
[Date "2013.11.06"]
[Round "?"]
[White "Eichner, Dieter"]
[Black "Tutov, Nikolay"]
[Result "1/2-1/2"]
[WhiteElo "1822"]
[BlackElo "1744"]
[PlyCount "60"]
[EventDate "2013.11.04"]
[EventType "tourn (corr)"]
[EventRounds "4"]
[EventCountry "GER"]
[SourceTitle "Telechess CBM 167"]
[Source "ChessBase"]
[SourceDate "2015.07.13"]
[SourceVersion "1"]
[SourceVersionDate "2015.07.13"]
[SourceQuality "1"]

1. c4 e5 2. Nc3 Nf6 3. Nf3 Nc6 4. d3 d5 5. cxd5 Nxd5 6. g3 Be7 7. Nxd5 Qxd5 8. Bg2 Be6 9. 0-0 Qd7 10. a3 0-0 11. Qc2 Bd5 12. Be3 f5 13. Bc5 Rae8 14. Rac1 f4 15. Nd2 Bxg2 16. Kxg2 Bd6 17. Qb3+ Kh8 18. Nf3 Rf5 19. Qxb7 Rb8 20. Qa6 e4 21. dxe4 Rxc5 22. Rxc5 Bxc5 23. Rc1 Rb6 24. Qd3 Qxd3 25. exd3 Bd6 26. b4 h5 27. Rc3 fxg3 28. hxg3 Ne5 29. Nxe5 Bxe5 30. Rc5 Bd4 1/2-1/2

[Event "OP-2013-0-03088"]
[Site "LSS email"]
[Date "2013.10.29"]
[Round "?"]
[White "Tutov, Nikolay"]
[Black "Schenning, Albert"]
[Result "0-1"]
[WhiteElo "1780"]
[BlackElo "2183"]
[PlyCount "82"]
[EventDate "2013.10.27"]
[EventType "tourn (corr)"]
[EventRounds "4"]
[EventCountry "GER"]
[SourceTitle "Corr 2022"]
[Source "ChessBase"]
[SourceDate "2021.10.24"]
[SourceVersion "1"]
[SourceVersionDate "2021.10.24"]
[SourceQuality "1"]

1. d4 Nf6 2. Nf3 g6 3. c4 Bg7 4. Nc3 d5 5. cxd5 Nxd5 6. e4 Nxc3 7. bxc3 c5 8. Be3 Qa5 9. Bd2 0-0 10. Be2 Bg4 11. 0-0 Rd8 12. Rb1 cxd4 13. cxd4 Qxa2 14. Ra1 Qb2 15. Rb1 Qa2 16. Ra1 Qb2 17. Rb1 Qa3 18. d5 a5 19. Rxb7 Nd7 20. h3 Bxf3 21. Bxf3 Be5 22. Bg4 Nf6 23. Bc1 Qd6 24. Qd3 Rdb8 25. Ba3 Rxb7 26. Bxd6 exd6 27. f4 Bb2 28. Bd1 a4 29. e5 Nd7 30. exd6 a3 31. Qc4 a2 32. Ba4 Rba7 33. Qxa2 Bd4+ 34. Kh2 Rxa4 35. Qe2 R4a6 36. Qe7 R8a7 37. Qe8+ Kg7 38. Qe1 Nf6 39. Qb4 Ra4 40. Qb5 R4a5 41. Qe2 Rxd5 0-1

[Event "OP-2013-0-03088"]
[Site "LSS email"]
[Date "2013.10.29"]
[Round "?"]
[White "Van Gysel, Marc"]
[Black "Tutov, Nikolay"]
[Result "0-1"]
[WhiteElo "2023"]
[BlackElo "1780"]
[PlyCount "100"]
[EventDate "2013.10.27"]
[EventType "tourn (corr)"]
[EventRounds "4"]
[EventCountry "GER"]
[SourceTitle "Corr 2022"]
[Source "ChessBase"]
[SourceDate "2021.10.24"]
[SourceVersion "1"]
[SourceVersionDate "2021.10.24"]
[SourceQuality "1"]

1. d4 d5 2. Nf3 Nf6 3. g3 c5 4. c4 dxc4 5. Qa4+ Qd7 6. Qxc4 cxd4 7. e3 dxe3 8. Bxe3 Qc6 9. Nc3 Qxc4 10. Bxc4 a6 11. 0-0 e6 12. a4 Nc6 13. Kg2 Be7 14. Rfd1 0-0 15. Bb6 Bd7 16. Bb3 Be8 17. Rac1 Nd7 18. Be3 Nce5 19. Ne4 Nxf3 20. Kxf3 Ne5+ 21. Ke2 Bc6 22. Bd4 Bxe4 23. Bxe5 Bc6 24. Bd6 Bxd6 25. Rxd6 Rfd8 26. Rxd8+ Rxd8 27. Ke3 Kf8 28. Rc5 Ke7 29. a5 Rd6 30. Bc4 Kd7 31. Bd3 h6 32. b4 Rd5 33. Bc2 Rxc5 34. bxc5 e5 35. Bb3 Bg2 36. Bxf7 Kc6 37. f3 Kxc5 38. Ke4 Kb5 39. Bd5 Kxa5 40. Bxb7 Kb6 41. Ba8 a5 42. Kxe5 Kc5 43. Ke4 a4 44. Kd3 g5 45. g4 a3 46. Kc3 a2 47. Kb2 Kd4 48. Bc6 Ke3 49. Bd5 a1Q+ 50. Kxa1 Kf2 0-1

[Event "SD-2013-0-00179"]
[Site "LSS email"]
[Date "2013.10.28"]
[Round "?"]
[White "Endean, Andrew"]
[Black "Tutov, Nikolay"]
[Result "1/2-1/2"]
[WhiteElo "1578"]
[BlackElo "1744"]
[PlyCount "31"]
[EventDate "2013.09.11"]
[EventType "tourn (corr)"]
[EventRounds "6"]
[EventCountry "GER"]
[SourceTitle "Telechess CBM 167"]
[Source "ChessBase"]
[SourceDate "2015.07.13"]
[SourceVersion "1"]
[SourceVersionDate "2015.07.13"]
[SourceQuality "1"]

1. d4 d5 2. c4 dxc4 3. Nf3 c5 4. e3 cxd4 5. Bxc4 Nf6 6. exd4 e6 7. Nc3 Bd6 8. 0-0 0-0 9. Bg5 Nc6 10. Rc1 h6 11. Be3 b6 12. a3 Bb7 13. Re1 Ne7 14. Qe2 Nf5 15. h3 a6 16. a4 1/2-1/2

[Event "RD-2013-0-00092"]
[Site "LSS email"]
[Date "2013.10.21"]
[Round "?"]
[White "Boni, Roberto"]
[Black "Tutov, Nikolay"]
[Result "1/2-1/2"]
[WhiteElo "1527"]
[BlackElo "1672"]
[PlyCount "84"]
[EventDate "2013.09.08"]
[EventType "tourn (corr)"]
[EventRounds "6"]
[EventCountry "GER"]
[SourceTitle "Telechess CBM 163"]
[Source "ChessBase"]
[SourceDate "2014.11.11"]
[SourceVersion "2"]
[SourceVersionDate "2014.11.11"]
[SourceQuality "1"]

1. Nf3 Nf6 2. c4 e6 3. g3 d5 4. b3 d4 5. Bg2 c5 6. Bb2 Nc6 7. e3 e5 8. 0-0 Be7 9. exd4 exd4 10. Na3 0-0 11. Nc2 Re8 12. Re1 Bg4 13. d3 Qd7 14. Qd2 Rad8 15. Ne5 Nxe5 16. Rxe5 Bd6 17. Rxe8+ Rxe8 18. Re1 b6 19. Bc1 Rc8 20. b4 h5 21. b5 h4 22. f3 Be6 23. g4 Nh7 24. Qf2 Nf8 25. Qxh4 Ng6 26. Qg5 Ne5 27. Qd2 Rf8 28. a4 Qc7 29. Qe2 Bc8 30. h4 Ng6 31. h5 Nf4 32. Bxf4 Bxf4 33. Qe7 Bd7 34. Qh4 f6 35. Kf2 Bc8 36. Re2 a6 37. Bh3 axb5 38. axb5 Bb7 39. Kg2 Qf7 40. Qe1 Be5 41. Kf2 Qd7 42. Bg2 Bf4 1/2-1/2

[Event "OP-2013-0-03068"]
[Site "LSS email"]
[Date "2013.10.20"]
[Round "?"]
[White "Billio, Maria"]
[Black "Tutov, Nikolay"]
[Result "1-0"]
[WhiteElo "1702"]
[BlackElo "1757"]
[PlyCount "113"]
[EventDate "2013.10.17"]
[EventType "tourn (corr)"]
[EventRounds "4"]
[EventCountry "GER"]
[SourceTitle "Corr 2022"]
[Source "ChessBase"]
[SourceDate "2021.10.24"]
[SourceVersion "1"]
[SourceVersionDate "2021.10.24"]
[SourceQuality "1"]

1. d4 d5 2. c3 Nf6 3. Bf4 Bf5 4. Nf3 e6 5. Qb3 Bd6 6. Qxb7 Nbd7 7. Bxd6 cxd6 8. Qa6 Rb8 9. Qa3 0-0 10. e3 Qb6 11. b4 Qc6 12. Nbd2 Nb6 13. Rc1 Nc4 14. Qb3 Na5 15. Qd1 Nc4 16. Nxc4 dxc4 17. a4 a6 18. Be2 h6 19. a5 Be4 20. 0-0 Rb5 21. Qd2 Rb7 22. Ne1 Bg6 23. Bd1 e5 24. h3 Bf5 25. f3 e4 26. g4 Bd7 27. f4 g6 28. Qf2 Kh7 29. Qh4 Kg7 30. f5 g5 31. Qg3 Nd5 32. Kf2 Rh8 33. h4 Rbb8 34. Ke2 Rbg8 35. Kd2 Kf8 36. Ra1 Bc8 37. Rb1 Qc7 38. Be2 Bd7 39. Nc2 Ke7 40. Na3 Nf6 41. Rh1 Bb5 42. Rh3 Rc8 43. Rbh1 Rhe8 44. hxg5 hxg5 45. Rh6 Qd8 46. Bd1 Qc7 47. R1h3 Rg8 48. Be2 Qd7 49. Bd1 Qd8 50. Bc2 Kd7 51. Rxf6 Qxf6 52. Nxb5 axb5 53. Bxe4 Kc7 54. Qf3 Rb8 55. a6 Kb6 56. Bb7 Qe7 57. Qc6+ 1-0

[Event "SD-2013-0-00178"]
[Site "LSS email"]
[Date "2013.10.15"]
[Round "?"]
[White "Miquel, Indalecio"]
[Black "Tutov, Nikolay"]
[Result "0-1"]
[WhiteElo "1547"]
[BlackElo "1792"]
[PlyCount "40"]
[EventDate "2013.08.25"]
[EventType "tourn (corr)"]
[EventRounds "6"]
[EventCountry "GER"]
[SourceTitle "Corr 2022"]
[Source "ChessBase"]
[SourceDate "2021.10.24"]
[SourceVersion "1"]
[SourceVersionDate "2021.10.24"]
[SourceQuality "1"]

1. d4 d6 2. c4 e5 3. Nf3 exd4 4. Nxd4 Nf6 5. Nc3 Be7 6. g3 c5 7. Nc2 0-0 8. Bg2 Nc6 9. 0-0 Re8 10. b3 h5 11. Bg5 Bf5 12. e4 Nxe4 13. Bxe7 Nxc3 14. Qxh5 Nxe7 15. Qf3 Qa5 16. Ne3 Bd3 17. Rfe1 Nc6 18. Nd5 Rxe1+ 19. Rxe1 Nxd5 20. Rd1 Ndb4 0-1

[Event "SD-2013-0-00177"]
[Site "LSS email"]
[Date "2013.10.04"]
[Round "?"]
[White "Kalinin, Vyacheslav"]
[Black "Tutov, Nikolay"]
[Result "0-1"]
[WhiteElo "1327"]
[BlackElo "1744"]
[PlyCount "60"]
[EventDate "2013.08.20"]
[EventType "tourn (corr)"]
[EventRounds "6"]
[EventCountry "GER"]
[SourceTitle "Telechess CBM 167"]
[Source "ChessBase"]
[SourceDate "2015.07.13"]
[SourceVersion "1"]
[SourceVersionDate "2015.07.13"]
[SourceQuality "1"]

1. d4 d6 2. c4 e5 3. dxe5 dxe5 4. Qxd8+ Kxd8 5. Nf3 Nc6 6. Nc3 Nf6 7. Bg5 Be6 8. 0-0-0+ Kc8 9. e3 Nd7 10. a3 f6 11. Bh4 b6 12. Be2 a5 13. Nd5 Kb7 14. Rd2 Nc5 15. Rdd1 Bf5 16. Nd2 Nd3+ 17. Bxd3 Bxd3 18. f3 Nd8 19. e4 c6 20. Ne3 Ne6 21. Nb3 Rd8 22. Rd2 Nf4 23. Re1 a4 24. Na1 Bc5 25. Nac2 Bxc2 26. Kxc2 Rxd2+ 27. Kxd2 Rd8+ 28. Kc2 Bxe3 29. Rxe3 Nxg2 30. Bf2 Nxe3+ 0-1

[Event "SD-2013-0-00177"]
[Site "LSS email"]
[Date "2013.10.04"]
[Round "?"]
[White "Tutov, Nikolay"]
[Black "Miquel Badenes, Indalecio"]
[Result "1-0"]
[WhiteElo "1744"]
[BlackElo "1386"]
[PlyCount "59"]
[EventDate "2013.08.20"]
[EventType "tourn (corr)"]
[EventRounds "6"]
[EventCountry "GER"]
[SourceTitle "Telechess CBM 167"]
[Source "ChessBase"]
[SourceDate "2015.07.13"]
[SourceVersion "1"]
[SourceVersionDate "2015.07.13"]
[SourceQuality "1"]

1. d3 d5 2. e4 dxe4 3. dxe4 Qxd1+ 4. Kxd1 Nf6 5. Bd3 e5 6. Nf3 Bg4 7. Ke2 Nc6 8. Be3 Bd6 9. h3 Bh5 10. Nbd2 0-0-0 11. c3 a6 12. g4 Bg6 13. Nh4 Ne7 14. Rad1 h6 15. f3 Bh7 16. Nc4 g5 17. Ng2 Nc6 18. Nxd6+ Rxd6 19. h4 Rhd8 20. hxg5 hxg5 21. Bxg5 Bg6 22. Bc2 Rxd1 23. Bxd1 Rd6 24. Rh8+ Kd7 25. Ne1 Nd8 26. Nd3 Ke6 27. Bb3+ Ke7 28. Nxe5 Ne6 29. Nxg6+ fxg6 30. Rh7+ 1-0

[Event "SD-2013-0-00177"]
[Site "LSS email"]
[Date "2013.10.04"]
[Round "?"]
[White "Zemlyanov, Sergey Mikhailovich"]
[Black "Tutov, Nikolay"]
[Result "1/2-1/2"]
[WhiteElo "1812"]
[BlackElo "1744"]
[PlyCount "58"]
[EventDate "2013.08.20"]
[EventType "tourn (corr)"]
[EventRounds "6"]
[EventCountry "GER"]
[SourceTitle "Telechess CBM 167"]
[Source "ChessBase"]
[SourceDate "2015.07.13"]
[SourceVersion "1"]
[SourceVersionDate "2015.07.13"]
[SourceQuality "1"]

1. e4 d6 2. d4 Nf6 3. Nc3 e5 4. Nge2 Be7 5. f3 0-0 6. Be3 a6 7. Qd2 b5 8. 0-0-0 Nbd7 9. g4 Nb6 10. Ng3 b4 11. Nb1 exd4 12. Bxd4 c5 13. Be3 Be6 14. a3 a5 15. Nf5 d5 16. h4 Ra7 17. Bb5 d4 18. Bg5 Bxf5 19. gxf5 Ne8 20. Bf4 Nd6 21. Bf1 Re8 22. Qh2 Ndc4 23. Bxc4 Nxc4 24. Qe2 Nd6 25. Qd3 Qd7 26. Rde1 Qc6 27. e5 Nb5 28. f6 c4 29. Qe4 Qxe4 1/2-1/2